Franco's international brigade : (Record no. 15096)
[ view plain ]
| 000 -LEADER | |
|---|---|
| fixed length control field | 01998nam a2200205 a 4500 |
| 001 - CONTROL NUMBER | |
| control field | ASIN1849042470 |
| 005 - DATE AND TIME OF LATEST TRANSACTION | |
| control field | 20170105102910.0 |
| 008 - FIXED-LENGTH DATA ELEMENTS--GENERAL INFORMATION | |
| fixed length control field | 131029s2013 xxu eng d |
| 020 ## - INTERNATIONAL STANDARD BOOK NUMBER | |
| International Standard Book Number | 1849042470 (paperback) |
| Terms of availability | $24.50 |
| 020 ## - INTERNATIONAL STANDARD BOOK NUMBER | |
| International Standard Book Number | 9781849042475 (paperback) |
| 040 ## - CATALOGING SOURCE | |
| Original cataloging agency | 0 |
| 082 ## - DEWEY DECIMAL CLASSIFICATION NUMBER | |
| Classification number | 946.08108691 |
| 100 1# - MAIN ENTRY--PERSONAL NAME | |
| Personal name | Othen, Christopher. |
| 245 10 - TITLE STATEMENT | |
| Title | Franco's international brigade : |
| Remainder of title | adventurers, fascists, and christian crusaders in the spanish civil war / |
| Statement of responsibility, etc. | Christopher Othen. |
| 260 ## - PUBLICATION, DISTRIBUTION, ETC. | |
| Place of publication, distribution, etc. | [S.l.] : |
| Name of publisher, distributor, etc. | Hurst, |
| Date of publication, distribution, etc. | 2013. |
| 300 ## - PHYSICAL DESCRIPTION | |
| Extent | 256 p. ; |
| Dimensions | 22 cm. |
| 520 ## - SUMMARY, ETC. | |
| Summary, etc. | Foreign volunteers fought on behalf of General Franco and the Nationalists in the Spanish Civil War for a right-wing cause whose aim was to smash democracy. These assorted adventurers, fascists, and Catholic crusaders were on the winning side, but their role has remained strangely hidden until now. Men from Portugal and Morocco signed on for money and adventure. General Eoin O'Duffy organised 700 Irishmen in a modern Crusade; 500 Catholic Frenchmen fought in the "Jeanne D'Arc" unit; and thirty British volunteers, including aristocrats and working-class fascists, also took up arms. Romanian Iron Guard extremists died at Majadahonda and an Indian volunteer fought in the fascist militia. There were Russians, Americans, Finns, Belgians, Greeks, Cubans, and many more. Goose-stepping alongside the volunteers were fascist conscripts from Germany and Italy, in training for the next world war. Foreigners, whether unknown individuals like British pilot Cecil Bebb or infamous figures like the German dictator Adolf Hitler, were essential to Franco's victory. Without Bebb--who flew General Francisco Franco from the Canary Islands to Spanish Morocco in 1936, a journey which was to precipitate the onset of the Spanish Civil War--the war would never have started; without Hitler, Franco would never have won. |
| 856 40 - ELECTRONIC LOCATION AND ACCESS | |
| Materials specified | Amazon.com |
| Uniform Resource Identifier | <a href="http://www.amazon.com/exec/obidos/ASIN/1849042470/chopaconline-20">http://www.amazon.com/exec/obidos/ASIN/1849042470/chopaconline-20</a> |
| 942 ## - ADDED ENTRY ELEMENTS (KOHA) | |
| Source of classification or shelving scheme | |
| Koha item type | Book |
| Withdrawn status | Lost status | Damaged status | Not for loan | Collection code | Permanent Location | Current Location | Shelving location | Date acquired | Total Checkouts | Full call number | Barcode | Date last seen | Price effective from | Koha item type |
|---|---|---|---|---|---|---|---|---|---|---|---|---|---|---|
| Centre for International Peace & Stability (CIPS) | Centre for International Peace & Stability (CIPS) | General Stacks | 10/01/2013 | 946.08108691 OTH 2013 | CIPS0001247 | 10/29/2013 | 10/29/2013 | Book |
